000 00660cam a2200265 4500
008 090401t1996 xxu||||| |||| 00| 0 eng d
020 _a0566077388
035 _a(Sirsi) u38065
041 _aeng
050 _a658.404
100 _aLock, Dennis
245 _aProject management.
250 _a6th ed.
260 _aAldershot
_bGower
_c1996
300 _axx,522p. ; 24cm.
350 _a19.95
520 _aUpdated by 7th edition
650 _aCOMPUTERS
650 _aCOST ESTIMATING
650 _aCost management
_96233
650 _aMANAGEMENT-PROJECT MANAGEMENT
690 _aProject management
_96261
942 _n0
948 _c04/03/1997
999 _c90602
_d90602